000
00311nam a22001217a 4500
008
180226b xxu||||| |||| 00| 0 eng d
041
_a
eng
080
_a
616.12
100
_a
7
101
_a
KAR
245
_a
Perioperative Cardiac Dysrhythmias: Mechanisms Recognition Management
_c
Atlee, J.L
942
_2
udc
_c
BK
999
_c
43486
_d
43486